[Event "Championnat de France des Jeunes - Pupil"]
[Site "AIX LES BAINS"]
[Date "2009.04.19"]
[Round "1.12"]
[White "Canterel, Cecile"]
[Black "Chansavang, Oriane"]
[Result "1-0"]
[WhiteElo "1560"]
[BlackElo "1290"]
[PlyCount "103"]

1. d4 d5 2. c4 Nf6 3. g3 e6 4. Bg2 Bb4+ 5. Bd2 Bxd2+ 6. Nxd2 O-O 7. Ngf3 Nc6 8.
O-O Re8 9. Qc2 e5 10. dxe5 Nxe5 11. Nxe5 Rxe5 12. e3 dxc4 13. Nxc4 Rc5 14. Rfd1
Qe7 15. Qd3 Bf5 16. Qd4 Be4 17. Bxe4 Nxe4 18. b4 Rb5 19. a3 c5 20. bxc5 Nxc5
21. Rab1 Rxb1 22. Rxb1 Qe4 23. Qxe4 Nxe4 24. Rxb7 g6 25. Re7 f5 26. g4 Rc8 27.
Na5 Nd2 28. gxf5 gxf5 29. Rd7 Nf3+ 30. Kg2 Ne1+ 31. Kg3 Rc3 32. Rxa7 Rxa3 33.
Nc6 Rxa7 34. Nxa7 Kg7 35. Nc6 Kf6 36. Nd4 Nd3 37. f3 Ke5 38. Ne2 Kf6 39. Nf4
Ne5 40. h4 Ng6 41. h5 Nxf4 42. Kxf4 h6 43. e4 fxe4 44. fxe4 Ke6 45. e5 Kf7 46.
Kf5 Kg7 47. e6 Kf8 48. Kf6 Kg8 49. e7 Kh7 50. Kf7 Kh8 51. e8=Q+ Kh7 52. Qg8#
1-0

[Event "Championnat de France des Jeunes - Pupil"]
[Site "AIX LES BAINS"]
[Date "2009.04.19"]
[Round "1.13"]
[White "Froment, Josephine"]
[Black "Nourani, Maral"]
[Result "0-1"]
[WhiteElo "1290"]
[BlackElo "1550"]
[PlyCount "78"]

1. e4 c5 2. Nf3 a6 3. d4 cxd4 4. Nxd4 Nf6 5. Nc3 e5 6. Nf3 Nc6 7. Bc4 Bb4 8.
O-O O-O 9. Bg5 h6 10. Bxf6 Qxf6 11. Ne2 Qd6 12. Bd5 Ne7 13. c3 Nxd5 14. exd5
Bc5 15. b4 Bb6 16. Rb1 Bc7 17. Qd3 f5 18. Nh4 e4 19. Qg3 Qxg3 20. fxg3 Bb6+ 21.
Kh1 d6 22. Nf4 g5 23. Ne6 Bxe6 24. dxe6 gxh4 25. gxh4 Rae8 26. a4 Rxe6 27. a5
Ba7 28. Rbd1 f4 29. Rd5 e3 30. g3 e2 31. Re1 fxg3 32. Kg2 Bf2 33. Rc1 e1=Q 34.
Rxe1 Rxe1 35. Rxd6 Rg1+ 36. Kh3 gxh2 37. Kxh2 Rf4 38. Rxh6 Be3 39. Rh5 Rfg4 0-1

[Event "Championnat de France des Jeunes - Pupil"]
[Site "AIX LES BAINS"]
[Date "2009.04.19"]
[Round "1.14"]
[White "Banat, Rizlene"]
[Black "Guillaume, Ombeline"]
[Result "1-0"]
[WhiteElo "1542"]
[BlackElo "1290"]
[PlyCount "187"]

1. Nf3 d5 2. d4 Nc6 3. g3 Nf6 4. Bg2 Bf5 5. b3 Nb4 6. Na3 e6 7. c3 Nc6 8. O-O
Bd6 9. c4 dxc4 10. bxc4 b6 11. Nb5 Bb4 12. a3 Ba5 13. Bb2 a6 14. Nc3 O-O 15. h3
Qd7 16. Nh4 Rad8 17. Nxf5 exf5 18. e3 Rfe8 19. Qa4 Ne4 20. Nxe4 fxe4 21. Kh1
Re7 22. d5 Na7 23. Qxd7 Rdxd7 24. Rfd1 Nc8 25. Rd4 Nd6 26. Rc1 Re5 27. Bc3 Bxc3
28. Rxc3 b5 29. c5 Nf5 30. Rxe4 Rxe4 31. Bxe4 g6 32. Rd3 Re7 33. Bxf5 gxf5 34.
Rd4 a5 35. d6 cxd6 36. cxd6 Rd7 37. Rd5 b4 38. axb4 axb4 39. Rxf5 Rb7 40. d7
Rxd7 41. Rb5 Rd1+ 42. Kg2 Rb1 43. f4 Kg7 44. h4 Kg6 45. Kf2 Rb2+ 46. Kf3 h5 47.
Rg5+ Kh6 48. g4 hxg4+ 49. Rxg4 Kh5 50. Rg7 f5 51. Rf7 Kg6 52. Rb7 b3 53. Rb6+
Kh5 54. Rb5 Kg6 55. h5+ Kxh5 56. Rxf5+ Kg6 57. Rb5 Rb1 58. Ke4 b2 59. Rb3 Kf6
60. Kd3 Kf5 61. Kc2 Rc1+ 62. Kxb2 Re1 63. Kc2 Ke4 64. Kd2 Rh1 65. Kc2 Rh2+ 66.
Kb1 Rh1+ 67. Ka2 Rh2+ 68. Ka3 Rh1 69. Kb4 Rh7 70. Ra3 Rb7+ 71. Kc5 Rc7+ 72. Kd6
Rf7 73. Ke6 Rb7 74. Kf6 Rb6+ 75. Kg5 Rb5+ 76. Kg4 Rb4 77. f5 Rb5 78. Ra4+ Kxe3
79. Rf4 Rb8 80. f6 Rg8+ 81. Kf5 Rc8 82. Re4+ Kf3 83. f7 Rf8 84. Re7 Kg3 85. Kg6
Rxf7 86. Rxf7 Kg4 87. Kg7 Kg5 88. Kf8 Kg6 89. Ke7 Kg5 90. Ke6 Kg6 91. Rf1 Kg7
92. Rf6 Kg8 93. Rg6+ Kh7 94. Kf7 1-0

[Event "Championnat de France des Jeunes - Pupil"]
[Site "AIX LES BAINS"]
[Date "2009.04.19"]
[Round "1.15"]
[White "Maton, Amandine"]
[Black "Dedisse, Mariane"]
[Result "1-0"]
[WhiteElo "1290"]
[BlackElo "1530"]
[PlyCount "27"]

1. c4 e5 2. Nc3 Nf6 3. d3 h6 4. g3 Nc6 5. Bg2 Bc5 6. a3 Ng4 7. e3 Qf6 8. Qxg4
a5 9. Nd5 Qd6 10. Nf3 Ne7 11. Qxg7 Rg8 12. Nf6+ Kd8 13. Nxg8 Qxd3 14. Qf8# 1-0

[Event "Championnat de France des Jeunes - Open "]
[Site "AIX LES BAINS"]
[Date "????.??.??"]
[Round "1.1"]
[White "Herrmann, Melanie"]
[Black "Inec, Arnaud"]
[Result "0-1"]
[WhiteElo "1450"]
[BlackElo "1980"]
[PlyCount "54"]

1. d4 d5 2. c4 Nf6 3. e3 Bf5 4. Nc3 e6 5. Bd3 Nc6 6. Qc2 Nb4 7. Qa4+ c6 8. Bxf5
exf5 9. cxd5 Nfxd5 10. Nxd5 Nxd5 11. Ne2 Bb4+ 12. Bd2 Bxd2+ 13. Kxd2 O-O 14.
Qb3 Qa5+ 15. Kd1 b5 16. f3 Rfe8 17. e4 fxe4 18. Rc1 exf3 19. gxf3 Ne3+ 20. Qxe3
Rxe3 21. Rxc6 Qxa2 22. Rc2 Qb3 23. Nc1 Qd5 24. Rd2 Qxf3+ 25. Re2 Qxh1+ 26. Kd2
Rxe2+ 27. Kxe2 Re8+ 0-1

[Event "Championnat de France des Jeunes - Open "]
[Site "AIX LES BAINS"]
[Date "????.??.??"]
[Round "1.2"]
[White "Hammann, Benjamin"]
[Black "Scabello, Marion"]
[Result "1-0"]
[WhiteElo "1959"]
[BlackElo "1450"]
[PlyCount "55"]

1. e4 e5 2. Nf3 Nc6 3. Bc4 Nf6 4. Ng5 d5 5. exd5 Nxd5 6. d4 Be7 7. Nxf7 Kxf7 8.
dxe5 Be6 9. Qf3+ Ke8 10. O-O Rf8 11. Qb3 Nxe5 12. Qb5+ Nc6 13. Qxb7 Na5 14.
Bb5+ Bd7 15. Qxd5 c6 16. Qh5+ g6 17. Qxh7 cxb5 18. Qxg6+ Rf7 19. Bh6 Nc6 20.
Qg8+ Bf8 21. Re1+ Ne7 22. Nc3 Qb6 23. Rxe7+ Kxe7 24. Nd5+ Ke8 25. Nxb6 axb6 26.
Re1+ Kd8 27. Qxf7 Kc7 28. Bxf8 1-0

[Event "Championnat de France des Jeunes - Open "]
[Site "AIX LES BAINS"]
[Date "????.??.??"]
[Round "1.3"]
[White "Alinc, Dimitri"]
[Black "Durand, Victor"]
[Result "0-1"]
[WhiteElo "1440"]
[BlackElo "1856"]
[PlyCount "55"]

1. e4 e5 2. Nf3 Nc6 3. Bc4 Nf6 4. Ng5 d5 5. exd5 Na5 6. Bb5+ c6 7. dxc6 bxc6 8.
Ba4 Qd5 9. Qf3 e4 10. Qc3 Bc5 11. d3 Bd4 12. Qd2 O-O 13. c3 e3 14. fxe3 Bxe3
15. Qxe3 Re8 16. Qxe8+ Nxe8 17. b4 Qxg2 18. Rf1 Bg4 19. Rf2 Qg1+ 20. Rf1 Qxh2
21. Rf2 Qg1+ 22. Rf1 Qg3+ 23. Rf2 Nf6 24. Bf4 Re8+ 25. Kf1 Bh3+ 26. Nxh3 Qxh3+
27. Rg2 Qf3+ 28. Rf2 0-1

[Event "Championnat de France des Jeunes - Open "]
[Site "AIX LES BAINS"]
[Date "????.??.??"]
[Round "1.4"]
[White "Lagunes, Robin"]
[Black "De Lussac, Octave"]
[Result "1-0"]
[WhiteElo "1856"]
[BlackElo "1440"]
[PlyCount "50"]

1. e4 e5 2. Nf3 d6 3. d4 Nc6 4. Bc4 Nf6 5. dxe5 dxe5 6. Qxd8+ Nxd8 7. Nxe5 Nxe4
8. O-O Bd6 9. Nxf7 Nxf7 10. Re1 Nfg5 11. f3 Bf5 12. fxe4 Bc5+ 13. Kh1 Bxe4 14.
Bxg5 h6 15. Rxe4+ Kd7 16. Nc3 hxg5 17. Rd1+ Bd6 18. Be6+ Kc6 19. Rc4+ Bc5 20.
Bd7+ Kb6 21. Na4+ Ka5 22. Rxc5+ Ka6 23. Bb5+ Ka5 24. Bf1+ b5 25. Rxb5+ Ka6 1-0

[Event "Championnat de France des Jeunes - Open "]
[Site "AIX LES BAINS"]
[Date "????.??.??"]
[Round "1.5"]
[White "Granata, Adam"]
[Black "Allard, Julien"]
[Result "0-1"]
[WhiteElo "1440"]
[BlackElo "1850"]
[PlyCount "68"]

1. e4 c6 2. d4 d5 3. e5 c5 4. Nf3 Bg4 5. c3 Nc6 6. Be2 Qb6 7. h3 Bxf3 8. Bxf3
e6 9. dxc5 Bxc5 10. Qe2 Nge7 11. b4 Nxb4 12. cxb4 Bd4 13. Bb2 Qxb4+ 14. Nd2
Qxb2 15. Rb1 Qxa2 16. Qb5+ Kf8 17. Qxb7 Rc8 18. Qd7 Bb6 19. Be2 Rd8 20. Rxb6
Qa1+ 21. Rb1 Qxb1+ 22. Nxb1 Rxd7 23. O-O Ng6 24. Rc1 Ke7 25. Bb5 Rb7 26. Ba6
Rbb8 27. Na3 Nxe5 28. Rc7+ Nd7 29. Rxa7 Ra8 30. Nb5 Rxa7 31. Nxa7 Ra8 32. Nc6+
Kd6 33. Bb7 Ra1+ 34. Kh2 Nc5 0-1

[Event "Championnat de France des Jeunes - Open "]
[Site "AIX LES BAINS"]
[Date "????.??.??"]
[Round "1.6"]
[White "Muller, Matthieu"]
[Black "Noireaut, Hoan"]
[Result "1-0"]
[WhiteElo "1808"]
[BlackElo "1440"]
[PlyCount "111"]

1. e4 Nf6 2. Nc3 d5 3. e5 Ng4 4. d4 Nc6 5. Bb5 Bf5 6. Nf3 e6 7. h3 Nh6 8. g4
Bg6 9. a3 f6 10. Bxh6 gxh6 11. exf6 Qxf6 12. Ne5 a6 13. Ba4 b5 14. Nxb5 axb5
15. Bxb5 Kd8 16. Bxc6 Rb8 17. b4 Bd6 18. Nd7 Qf4 19. Rf1 Rc8 20. Nc5 Bxc5 21.
bxc5 Qe4+ 22. Qe2 Qxd4 23. Ra2 Be8 24. Bxe8 Rxe8 25. Qe3 Qxe3+ 26. fxe3 Re7 27.
a4 Kd7 28. a5 Ra8 29. a6 Kc6 30. Ra5 Ree8 31. Rf7 Reb8 32. Rxh7 Rh8 33. Rxh8
Rxh8 34. a7 Ra8 35. Kd2 Kb7 36. Kd3 e5 37. h4 c6 38. g5 hxg5 39. hxg5 Kc7 40.
g6 Kb7 41. g7 e4+ 42. Kd4 Kc7 43. g8=Q Rxg8 44. a8=Q Rxa8 45. Rxa8 Kb7 46. Rh8
Ka6 47. Rb8 Ka7 48. Rb6 Ka8 49. Rxc6 Kb7 50. Kxd5 Kb8 51. Kd6 Kb7 52. c4 Ka7
53. Rb6 Ka8 54. Kc7 Ka7 55. c6 Ka8 56. Ra6# 1-0

[Event "Championnat de France des Jeunes - Open "]
[Site "AIX LES BAINS"]
[Date "????.??.??"]
[Round "1.7"]
[White "Perche, Louis"]
[Black "Garnier, Teddy"]
[Result "0-1"]
[WhiteElo "1440"]
[BlackElo "1785"]
[PlyCount "42"]

1. e4 Nf6 2. e5 Nd5 3. c4 Nb6 4. Nf3 d6 5. exd6 exd6 6. Bd3 Be7 7. O-O Bg4 8.
Nc3 Nc6 9. h3 Bh5 10. b3 Qd7 11. Bb2 O-O-O 12. Qc2 Nb4 13. Qb1 Nxd3 14. Qxd3
Bf6 15. Nd4 Bg6 16. Qe3 Rde8 17. Qf4 Be5 18. Qh4 Bf6 19. Qf4 Be5 20. Qh4 Bd3
21. Rfe1 g5 0-1

[Event "Championnat de France des Jeunes - Open "]
[Site "AIX LES BAINS"]
[Date "????.??.??"]
[Round "1.8"]
[White "Brandt, Anatole"]
[Black "Rascle, Philippe"]
[Result "1-0"]
[WhiteElo "1773"]
[BlackElo "1440"]
[PlyCount "124"]

1. e4 c5 2. Nf3 Nc6 3. d4 cxd4 4. Nxd4 d5 5. Bb5 Qd6 6. exd5 Qxd5 7. Nc3 Qxg2
8. Qf3 Qxf3 9. Nxf3 Bd7 10. Nd5 Rc8 11. Bf4 e6 12. Nc7+ Kd8 13. Ng5 Nh6 14.
Bxc6 Bxc6 15. O-O-O+ Bd7 16. Nb5 Bc5 17. Ne4 Ng4 18. Bc7+ Rxc7 19. Nxc7 Kxc7
20. Nxc5 Rd8 21. Nxd7 Rxd7 22. Rxd7+ Kxd7 23. f3 Ne5 24. Rf1 a5 25. Kd2 b5 26.
f4 Nc4+ 27. Kc3 Ne3 28. Rf3 Nd1+ 29. Kb3 Kc6 30. Rd3 a4+ 31. Ka3 Nf2 32. Rc3+
Kb6 33. Kb4 Ng4 34. h3 Nf6 35. Rf3 Nd5+ 36. Ka3 Kc6 37. c3 Nb6 38. b3 axb3 39.
axb3 Nd5 40. Kb2 h6 41. Kc2 f5 42. h4 Ne7 43. Kd3 Ng6 44. h5 Ne7 45. Rg3 Nd5
46. Rf3 Nf6 47. Rh3 Ne4 48. Re3 Kd5 49. c4+ bxc4+ 50. bxc4+ Kd6 51. Rxe4 fxe4+
52. Kxe4 Kc5 53. Kd3 Kd6 54. Kd4 Kc6 55. Ke5 Kc5 56. Kxe6 Kxc4 57. Kf7 Kd5 58.
Kxg7 Ke6 59. Kxh6 Kf7 60. Kg5 Kg7 61. f5 Kh7 62. h6 Kg8 1-0

[Event "Championnat de France des Jeunes - Open "]
[Site "AIX LES BAINS"]
[Date "????.??.??"]
[Round "1.9"]
[White "Sadoune, Emilie"]
[Black "Pluvinage, Thomas"]
[Result "0-1"]
[WhiteElo "1440"]
[BlackElo "1770"]
[PlyCount "88"]

1. e4 c5 2. c3 d5 3. exd5 Qxd5 4. d4 Nf6 5. Nf3 Bg4 6. Be2 cxd4 7. cxd4 Nc6 8.
Nc3 Qd6 9. Be3 e6 10. O-O Be7 11. h3 Bh5 12. Nb5 Qd7 13. Bf4 Nd5 14. Bh2 a6 15.
Nc3 O-O 16. Ne5 Nxe5 17. Bxe5 Bxe2 18. Qxe2 Bf6 19. Rfe1 Bxe5 20. Qxe5 Nf6 21.
Re3 Rad8 22. Rg3 Qxd4 23. Qg5 Nd5 24. Rd1 h6 25. Rxd4 hxg5 26. Rxg5 Nxc3 27.
bxc3 Rxd4 28. cxd4 Rc8 29. Ra5 Rc1+ 30. Kh2 Rc2 31. Kg3 Kf8 32. Kf3 Ke7 33. Ke3
Kd6 34. g4 Rc3+ 35. Ke4 Rxh3 36. d5 e5 37. f4 exf4 38. Kxf4 Rc3 39. g5 f6 40.
Kf5 fxg5 41. a4 g4 42. Kxg4 Rc5 43. Rxc5 Kxc5 44. Kg5 Kxd5 0-1

[Event "Championnat de France des Jeunes - Open "]
[Site "AIX LES BAINS"]
[Date "????.??.??"]
[Round "1.10"]
[White "Alliot, Kevin"]
[Black "Coiffait, Casimir"]
[Result "1-0"]
[WhiteElo "1758"]
[BlackElo "1430"]
[PlyCount "139"]

1. d4 d5 2. c4 c6 3. Nc3 dxc4 4. e3 b5 5. a4 Bd7 6. Nf3 e6 7. Bd2 Nf6 8. b3 Nd5
9. bxc4 bxc4 10. Bxc4 Bb4 11. Qb3 Qa5 12. Rc1 Na6 13. O-O O-O 14. Bxa6 Bxc3 15.
Bxc3 Qxa6 16. Ne5 Rfd8 17. Bd2 f6 18. Nd3 Rab8 19. Qa3 Nb6 20. Nc5 Qe2 21. Qc3
Nd5 22. Qc2 Nb4 23. Bxb4 Qxc2 24. Rxc2 Rxb4 25. Ra1 Rdb8 26. Nxd7 Rxa4 27. Rcc1
Rbb4 28. Rxa4 Rxa4 29. Nc5 Ra2 30. Nxe6 a5 31. Nd8 a4 32. Nxc6 a3 33. g3 Kf7
34. Na5 Re2 35. Rd1 a2 36. Kg2 Rb2 37. Ra1 Ke6 38. e4 Re2 39. Kf3 Rc2 40. Ke3
Rc3+ 41. Kd2 Rf3 42. Ke2 Ra3 43. d5+ Kd7 44. Nc6 Ra4 45. f3 g5 46. Kd2 Ra3 47.
Nb4 Rxf3 48. Rxa2 Rb3 49. Nc6 Rf3 50. Ra7+ Kd6 51. Rxh7 g4 52. Rh4 Kc5 53. Rxg4
Rf2+ 54. Ke3 Rxh2 55. Rg6 Rg2 56. Kf3 Rg1 57. Kf2 Ra1 58. Rxf6 Ra2+ 59. Kg1
Ra1+ 60. Kh2 Ra2+ 61. Kh3 Re2 62. Re6 Re3 63. Kh4 Re1 64. g4 Rh1+ 65. Kg5 Re1
66. Kf6 Rf1+ 67. Ke7 Rg1 68. d6 Rxg4 69. d7 Rg7+ 70. Ke8 1-0

[Event "Championnat de France des Jeunes - Open "]
[Site "AIX LES BAINS"]
[Date "????.??.??"]
[Round "1.11"]
[White "Saada, Eytan"]
[Black "Kouatly, Sami"]
[Result "1-0"]
[WhiteElo "1420"]
[BlackElo "1756"]
[PlyCount "49"]

1. e4 c5 2. Nf3 e6 3. d4 cxd4 4. Nxd4 Nf6 5. Nc3 Nc6 6. a3 d5 7. Bb5 Bd7 8. Bg5
Be7 9. exd5 Nxd5 10. Bxe7 Ncxe7 11. Bxd7+ Qxd7 12. Nxd5 Nxd5 13. c4 Nb6 14. Qg4
O-O 15. Nf3 Qd3 16. Rc1 Rac8 17. Rc3 Qb1+ 18. Ke2 Qxb2+ 19. Kd3 Rcd8+ 20. Nd4
e5 21. c5 Na4 22. Rb3 Nxc5+ 23. Ke3 exd4+ 24. Kf3 Qxb3+ 25. Kf4 1-0

[Event "Championnat de France des Jeunes - Open "]
[Site "AIX LES BAINS"]
[Date "????.??.??"]
[Round "1.12"]
[White "Pichon, Julien"]
[Black "Beaufils, Antoine"]
[Result "1/2-1/2"]
[WhiteElo "1740"]
[BlackElo "1410"]
[PlyCount "40"]

1. e4 d5 2. exd5 Qxd5 3. Nc3 Qa5 4. d4 Nf6 5. Nf3 Bf5 6. Bc4 c6 7. Bd2 Qc7 8.
O-O Nbd7 9. Re1 h6 10. Ne5 e6 11. Bf4 Bd6 12. Bd3 Bxd3 13. Qxd3 Rf8 14. Nxd7
Qxd7 15. Bxd6 Qxd6 16. Rac1 O-O-O 17. Qc4 Kb8 18. h3 g5 19. g3 Nh5 20. b4 Nxg3
1/2-1/2

[Event "Championnat de France des Jeunes - Open "]
[Site "AIX LES BAINS"]
[Date "????.??.??"]
[Round "1.13"]
[White "Caloone, Thomas"]
[Black "Richard, Francois"]
[Result "0-1"]
[WhiteElo "1410"]
[BlackElo "1740"]
[PlyCount "92"]

1. e4 d5 2. exd5 Qxd5 3. Nc3 Qa5 4. Nf3 Nf6 5. d4 Bg4 6. Be2 Nc6 7. O-O O-O-O
8. Be3 e5 9. d5 Nxd5 10. Qe1 Nxe3 11. fxe3 Qb6 12. Bc4 Qxb2 13. Bb3 Bb4 14. Na4
Bxe1 15. Nxb2 Bc3 16. Rab1 Bxf3 17. Rxf3 f6 18. e4 Bxb2 19. Rxb2 Rd2 20. Be6+
Kd8 21. Rd3+ Rxd3 22. cxd3 Ke7 23. Bd5 a5 24. Rxb7 Kd6 25. Bxc6 Kxc6 26. Rb3
Rd8 27. Rc3+ Kb6 28. Rb3+ Ka6 29. Kf2 a4 30. Rc3 Kb5 31. Ke2 c5 32. Rc2 Kb6 33.
Rb2+ Kc6 34. a3 g6 35. Rb1 f5 36. exf5 gxf5 37. Rb2 Rd4 38. Rb1 e4 39. dxe4
fxe4 40. Rf1 Rd3 41. Rf4 Kd5 42. Rf5+ Kd4 43. Rh5 Rxa3 44. Rxh7 Ra2+ 45. Kf1 a3
46. g4 Rb2 0-1

[Event "Championnat de France des Jeunes - Open "]
[Site "AIX LES BAINS"]
[Date "????.??.??"]
[Round "1.14"]
[White "Hector, Pierre"]
[Black "Dupeux, Simeon"]
[Result "1-0"]
[WhiteElo "1739"]
[BlackElo "1410"]
[PlyCount "47"]

1. d4 d5 2. c4 Nf6 3. Nf3 c5 4. cxd5 cxd4 5. Qxd4 Qxd5 6. Nc3 Qxd4 7. Nxd4 e5
8. Ndb5 Na6 9. e4 Bb4 10. Bd2 Bd7 11. f3 O-O 12. O-O-O Bxb5 13. Nxb5 Rac8+ 14.
Bc3 Bxc3 15. Nxc3 Nb4 16. Kb1 Nc6 17. Nd5 Nxd5 18. Rxd5 Rfd8 19. Bc4 Nb4 20.
Rxd8+ Rxd8 21. a3 Nd3 22. Rd1 Rd4 23. Rxd3 Rxc4 24. Rd8# 1-0

[Event "Championnat de France des Jeunes - Open "]
[Site "AIX LES BAINS"]
[Date "????.??.??"]
[Round "1.15"]
[White "Fraval, Julie"]
[Black "Romero, Vladimir"]
[Result "0-1"]
[WhiteElo "1410"]
[BlackElo "1725"]
[PlyCount "70"]

1. e4 c5 2. Nc3 e6 3. Bc4 a6 4. a3 Nc6 5. f4 b5 6. Ba2 d6 7. Nf3 Nf6 8. O-O b4
9. axb4 cxb4 10. Ne2 Nxe4 11. d3 Qb6+ 12. d4 d5 13. Ng3 Nxg3 14. hxg3 Be7 15.
Re1 O-O 16. Kf2 Bf6 17. Be3 Ne7 18. Rh1 Nf5 19. Qd3 a5 20. g4 Ba6 21. c4 bxc3
22. Qc2 Qxb2 23. Qxb2 cxb2 24. Rab1 Nxe3 25. Kxe3 Rab8 26. Rhd1 Rfc8 27. Rd2
Rb4 28. Rdxb2 Rcb8 29. Rxb4 Rxb4 30. Rxb4 axb4 31. Kd2 Bc4 32. Bxc4 dxc4 33.
Kc2 Kf8 34. g5 Be7 35. Ne5 c3 0-1